000 00573nam a22001937a 4500
003 DO-SdBNP
005 20210428114919.0
007 ta
008 210428e2020 dr ||||er|||| 001 0dspa d
020 _a9789945421972
040 _aDO-SdBNP
_bspa
_cBNPHU
041 _hspa
082 _aV732p
100 _92033
_aVillegas Quintero, Efraín
_d1928-2005
245 _aPrácticas esenciales para la autorealización íntima del ser /
_cMaestro de Soto
260 _aSanto Domingo:
_bIMRGARD RADEFELDT FONCK,
_bA de Soto ,
_c2010
300 _a210 p.;
_c23 cm
942 _2ddc
_cLBS1
999 _c49789
_d49789